La minería en Bolivia /
Disimpan dalam:
| Pengarang Utama: | |
|---|---|
| Format: | Buku |
| Bahasa: | Spanish |
| Diterbitkan: |
[Bolivia] :
Observador,
[2005]
|
| Subjek-subjek: | |
| Penanda-penanda: |
Tambah Penanda
Tiada Penanda, Jadilah orang pertama menanda rekod ini!
|
| LEADER | 00698nam a22002414a 4500 | ||
|---|---|---|---|
| 001 | 009771663-4 | ||
| 005 | 20051005141942.0 | ||
| 008 | 050606s2005 bo b 000 0 spa | ||
| 010 | |a 2005451335 | ||
| 035 | 0 | |a ocm61284085 | |
| 040 | |a DLC |c DLC | ||
| 042 | |a pcc | ||
| 043 | |a s-bo--- | ||
| 050 | 0 | 0 | |a HD9539.T6 |b B657 2005 |
| 100 | 1 | |a García Flores, Pedro Pablo. | |
| 245 | 1 | 3 | |a La minería en Bolivia / |c [autor, Pedro Pablo García Flores]. |
| 260 | |a [Bolivia] : |b Observador, |c [2005] | ||
| 300 | |a 359 p. ; |c 21 cm. | ||
| 504 | |a Includes bibliographical references (p. 353-354). | ||
| 650 | 0 | |a Tin industry |z Bolivia. | |
| 650 | 0 | |a Tin mines and mining |z Bolivia. | |
| 988 | |a 20051005 | ||
| 906 | |0 DLC | ||


